00428cam a2200169ua 45000010005000000080039000050400009000440410008000530820008000611000027000692450057000962500009001532600030001623000010001926530036002026530020002388109150108n ii |||gr||||Z||||||hin cMAIN ahin a920 aSingh, K. P.,eAuthor.1 aKathakar Shivprasad SinghcBy Kameshwar Prasad Singh a1st. aVaranasi:bSanjay,c1985. a184p. aBiography, genealogy & insignia aHindi Biography